Normal view
MARC view
- PPTOELECTRONIC DEVICES MICROWAVE COMMUNICATION SYSTEM EQUIPMENT AND SUPPLIES OPTICAL COMMUNICATIONS EQUIPMENT AND SUPPLIES
Entry Topical Term
001 - CONTROL NUMBER
- control field: 67570
003 - CONTROL NUMBER IDENTIFIER
- control field: NUST
005 - DATE AND TIME OF LATEST TRANSACTION
- control field: 20210628203842.0
008 - FIXED-LENGTH DATA ELEMENTS
- fixed length control field: 210628|| aca||aabn | a|a d
040 ## - CATALOGING SOURCE
- Original cataloging agency: NUST
- Transcribing agency: NUST
150 ## - HEADING--TOPICAL TERM
- Topical term or geographic name entry element: PPTOELECTRONIC DEVICES MICROWAVE COMMUNICATION SYSTEM EQUIPMENT AND SUPPLIES OPTICAL COMMUNICATIONS EQUIPMENT AND SUPPLIES
670 ## - SOURCE DATA FOUND
- Source citation: Work cat.: (NUST): Riaziat, M.L 67569, Introduction to high speed electronics and optoelectronics, 1996
